| 000 | 01353cam a2200337 i 4500 | ||
|---|---|---|---|
| 999 |
_c446733 _d446733 |
||
| 001 | 19771933 | ||
| 005 | 20190225122702.0 | ||
| 008 | 170707s2017 ii b 001 0 eng | ||
| 010 | _a 2017325674 | ||
| 020 | _a9780199472642 (hardback) | ||
| 020 | _a0199472645 (hardback) | ||
| 025 | _aI-E-2017325674 ; 79-92 | ||
| 037 | _bLibrary of Congress -- New Delhi Overseas Office | ||
| 040 |
_aDLC _beng _erda _cDLC _dDLC |
||
| 042 |
_alcode _apcc |
||
| 043 | _aa-ii--- | ||
| 050 | 0 | 0 |
_aHT169.I4 _bV53 2017 |
| 082 | _aJ7x54 V669 | ||
| 100 | 1 |
_aVidyarthi, Sanjeev, _eauthor. _92502 |
|
| 245 | 1 | 0 |
_aUnderstanding India's new approach to spatial planning and development : _ba salient shift? / _cSanjeev Vidyarthi, Shishir Mathur, Sandeep Agrawal ; with contributions by Neha Sami and Sudeshna Mitra. |
| 250 | _aFirst edition. | ||
| 300 |
_axlv, 262 pages ; _c23 cm |
||
| 504 | _aIncludes bibliographical references (pages 218-246) and index. | ||
| 650 | 0 |
_aCity planning _zIndia. _92503 |
|
| 650 | 0 |
_aRegional planning _zIndia. _92504 |
|
| 650 | 0 |
_aEconomic development _zIndia. _92505 |
|
| 650 | 0 |
_aSustainable urban development _zIndia. _92506 |
|
| 710 | 2 |
_aOxford University Press, _epublisher, _ecopyright holder. _92507 |
|
| 906 |
_a7 _bcbc _corigode _d3 _encip _f20 _gy-gencatlg |
||